000 00755cam a2200193 i 4500
005 20251123124751.0
008 250721s2019 jo gr 000 0 ara d
082 1 4 _a211.4
_bك ن ف
100 1 _aكنفودي، محمد
_eمؤلف.
245 1 0 _aخصوصية لسان نص القرآن :
_bدراسة نقدية للمداخل التراثية لتفسير نصوص القرآن /
_cالدكتور محمد كنفودي.
250 _aالطبعة الأولى.
264 1 _aعمان :
_bدار المعتز للنشر والتوزيع،
_c2019.
300 _a225 صفحة.
650 1 7 _aالقرآن الكريم.
650 1 7 _aنزول القرآن.
650 1 7 _aتفسير القرآن.
942 _2ddc
_cBK
999 _c141397
_d141397